Sports Quiz

Random Sports or City Quiz
Score 0/48 Timer 05:00
0 Plays Today
Fixture Goalscorer % Correct
November 2010Grant Holt
94.1%
November 2010Wes Hoolahan
82.7%
May 2015Wes Hoolahan
82.7%
May 2015Cameron Jerome
79.6%
August 2016Cameron Jerome
79.6%
March 2000Iwan Roberts
76.1%
March 2015Bradley Johnson
73.5%
March 2004Darren Huckerby
72.6%
September 2005Darren Huckerby
72.6%
April 2011Russell Martin
72.4%
March 1995Darren Eadie
68.7%
September 1997Darren Eadie
68.7%
December 2003Leon McKenzie
68%
October 1996Andy Johnson
65.7%
May 2015Jonny Howson
65%
April 1993Chris Sutton
64.1%
May 2015Nathan Redmond
64%
February 2017Jacob Murphy
62.6%
September 2002Malky Mackay
58.6%
March 2004Malky Mackay
58.6%
March 1995Jamie Cureton
56.9%
April 1996Jamie Cureton
56.9%
November 2007Jamie Cureton
56.9%
April 2011Simeon Jackson
56.6%
Fixture Goalscorer % Correct
April 2011Dani Pacheco
53%
August 2014Lewis Grabban
52.8%
March 2015Lewis Grabban
52.8%
August 1993Jeremy Goss
51.3%
November 1995Robert Fleck
51.3%
December 2008Lee Croft
51.2%
April 2011Andrew Surman
50.3%
October 1998Craig Bellamy
44.6%
December 1993Mark Bowen
36.9%
September 1994Rob Newman
30.8%
March 1995Ashley Ward
28%
October 1996John Polston
26.6%
December 2008Matty Pattison
26.4%
November 1995Jon Newsome
24.5%
April 2011Own goal - Gareth McAuley
18.7%
September 1994Carl Bradshaw
18.3%
November 2006Luke Chadwick
18.1%
April 2009Sammy Clingan
16.9%
April 2009David Mooney
15.9%
April 2007Dickson Etuhu
15.5%
April 2008Ched Evans
14.5%
February 2006Jonatan Johansson
13.5%
September 1997Own goal - Jason Cundy
7.5%
November 2007Own goal - Owen Garvan
6.4%
Remove Ads.
Support Sporcle.
Get the best of Sporcle when you Go Orange. This ad-free experience offers more features, more stats, and more fun while also helping to support Sporcle. Thank you for becoming a member.

You're not logged in!

Compare scores with friends on all Sporcle quizzes.
OR
Log In

Show Comments

Extras

Top Quizzes Today


Score Distribution

Your Account Isn't Verified!

In order to create a playlist on Sporcle, you need to verify the email address you used during registration. Go to your Sporcle Settings to finish the process.

Report this User

Report this user for behavior that violates our Community Guidelines.

Details: